| 000 | 00562nam a2200241 a 4500 | ||
|---|---|---|---|
| 001 | nice12345678 | ||
| 003 | IN_TiNIC | ||
| 005 | 20260116012610.0 | ||
| 008 | 050524s1968 lona grp 000 0 eng | ||
| 020 |
_a _c100 |
||
| 082 | 0 | 0 |
_a200 _bRIC |
| 100 | _aRichardson, Alan | ||
| 245 | _aReligion in Contemporary Debate. | ||
| 260 |
_aLondon _bSCM Press _c1968 |
||
| 300 | _a120p | ||
| 500 | _aincludes index and biblioraphy | ||
| 505 | 2 | _aIndex | |
| 650 | _aReligion | ||
| 700 | 1 | _aRichardson, Alan | |
| 902 | _bSRS | ||
| 942 | _cBK | ||
| 999 |
_c7610 _d7610 |
||